00422 2200157 4500001002100000008004100021035002000062245003700082100002200119260004200141300002500183020002200208084001400230082000800244990001200252INLIS000000000001442 Ind  a0010-0924000039 aMembunuh CupidcDesi Puspitasari aPuspitasari, Desi aJakartabPT. Falcon Interactivec2017 a248 hlm.c13 x 20 cm a978-602-60514-4-8 a813 DES m a813 a0750946